| 000 -LEADER |
| fixed length control field |
01773cam a22004093a 4500 |
| 001 - CONTROL NUMBER |
| control field |
18117459 |
| 003 - CONTROL NUMBER IDENTIFIER |
| control field |
NUST |
| 005 - DATE AND TIME OF LATEST TRANSACTION |
| control field |
20191029161249.0 |
| 008 - FIXED-LENGTH DATA ELEMENTS--GENERAL INFORMATION |
| fixed length control field |
140416t20091979nyu 000 1 eng d |
| 010 ## - LIBRARY OF CONGRESS CONTROL NUMBER |
| LC control number |
2013660146 |
| 020 ## - INTERNATIONAL STANDARD BOOK NUMBER |
| International Standard Book Number |
9780312942724 (pbk.) |
| 020 ## - INTERNATIONAL STANDARD BOOK NUMBER |
| International Standard Book Number |
0312942729 (pbk.) |
| 035 ## - SYSTEM CONTROL NUMBER |
| System control number |
(OCoLC)ocn244065455 |
| 038 ## - RECORD CONTENT LICENSOR |
| Staff Name |
MSOHAIL |
| 040 ## - CATALOGING SOURCE |
| Original cataloging agency |
BTCTA |
| Transcribing agency |
BTCTA |
| Modifying agency |
BAKER |
| -- |
DAD |
| -- |
IGA |
| -- |
IUI |
| -- |
YDXCP |
| -- |
BDX |
| -- |
UPZ |
| -- |
OCLCF |
| -- |
DLC |
| 042 ## - AUTHENTICATION CODE |
| Authentication code |
lccopycat |
| 043 ## - GEOGRAPHIC AREA CODE |
| Geographic area code |
e-pl--- |
| -- |
n-us--- |
| 050 00 - LIBRARY OF CONGRESS CALL NUMBER |
| Classification number |
CPB Box no. 3770 vol. 19 |
| 082 ## - DEWEY DECIMAL CLASSIFICATION NUMBER |
| Classification number |
0 |
| 100 1# - MAIN ENTRY--PERSONAL NAME |
| Personal name |
Archer, Jeffrey, |
| Dates associated with a name |
1940- |
| 9 (RLIN) |
11436 |
| 245 10 - TITLE STATEMENT |
| Title |
Kane & Abel / |
| Statement of responsibility, etc. |
Jeffrey Archer. |
| 246 3# - VARYING FORM OF TITLE |
| Title proper/short title |
Kane and Abel |
| 250 ## - EDITION STATEMENT |
| Edition statement |
St. Martin's Paperbacks rev. ed. |
| 260 ## - PUBLICATION, DISTRIBUTION, ETC. |
| Place of publication, distribution, etc. |
New York : |
| Name of publisher, distributor, etc. |
St. Martin's Paperbacks, |
| Date of publication, distribution, etc. |
2009, c1979 |
| 300 ## - PHYSICAL DESCRIPTION |
| Extent |
643 p. ; |
| Dimensions |
19 cm. |
| 490 0# - SERIES STATEMENT |
| Series statement |
St. Martin's Paperbacks novel |
| 500 ## - GENERAL NOTE |
| General note |
"First published in hardback on September 1, 1979, in Great Britain by Hodder & Stoughton Limited"--T.p. verso. |
| 520 ## - SUMMARY, ETC. |
| Summary, etc. |
William Lowell Kane, the son of a Boston millionaire, and Abel Rosnovski, a penniless Polish immigrant, were born on the same day on the opposite sides of the world. The paths of the two men were destined to cross in their ruthless struggle to build a fortune. Rewritten by the author on the 30th anniversary of its first publication. |
| 650 #0 - SUBJECT ADDED ENTRY--TOPICAL TERM |
| Topical term or geographic name entry element |
Capitalists and financiers |
| Geographic subdivision |
United States |
| Form subdivision |
Fiction. |
| 9 (RLIN) |
24979 |
| 650 #0 - SUBJECT ADDED ENTRY--TOPICAL TERM |
| Topical term or geographic name entry element |
Hotelkeepers |
| Form subdivision |
Fiction. |
| 9 (RLIN) |
24980 |
| 650 #0 - SUBJECT ADDED ENTRY--TOPICAL TERM |
| Topical term or geographic name entry element |
Peasants |
| Geographic subdivision |
Poland |
| Form subdivision |
Fiction. |
| 9 (RLIN) |
24981 |
| 655 #7 - INDEX TERM--GENRE/FORM |
| Genre/form data or focus term |
Historical fiction. |
| Source of term |
gsafd |
| 9 (RLIN) |
417 |
| 710 2# - ADDED ENTRY--CORPORATE NAME |
| Corporate name or jurisdiction name as entry element |
Copyright Paperback Collection (Library of Congress) |
| Institution to which field applies |
DLC |
| 9 (RLIN) |
1743 |
| 906 ## - LOCAL DATA ELEMENT F, LDF (RLIN) |
| a |
7 |
| b |
cbc |
| c |
copycat |
| d |
2 |
| e |
ncip |
| f |
20 |
| g |
y-genrareb |
| 942 ## - ADDED ENTRY ELEMENTS (KOHA) |
| Source of classification or shelving scheme |
|
| Koha item type |
Book |